Statistics for State Borders by Increasing Length

Click here to take the quiz!

General Stats

  • This quiz has been taken 13 times
  • The average score is 6 of 105

Answer Stats

HintAnswer% Correct
1.4Delaware - New Jersey
71%
608.2California - Nevada
57%
40.3Connecticut - Rhode Island
43%
22.6Delaware - Pennsylvania
43%
569.8Idaho - Montana
43%
34.4Missouri - Oklahoma
43%
715.4Oklahoma - Texas
43%
86.7Massachusetts - New Hampshire
29%
62.6Massachusetts - Rhode Island
29%
40.9Massachusetts - Vermont
29%
103.4New Jersey - New York
29%
86.5Connecticut - Massachusetts
14%
82.3Connecticut - New York
14%
122.0Delaware - Maryland
14%
261.4Florida - Georgia
14%
86.7Iowa - Wisconsin
14%
159.3Maine - New Hampshire
14%
49.4Massachusetts - New York
14%
53.6Missouri - Nebraska
14%
377.7Montana - Wyoming
14%
150.9New Jersey - Pennsylvania
14%
34.5New Mexico - Oklahoma
14%
536.2New Mexico - Texas
14%
110.7Tennessee - Virginia
14%
196.1Alabama - Florida
0%
291.3Alabama - Georgia
0%
323.9Alabama - Mississippi
0%
146.7Alabama - Tennessee
0%
198.4Arizona - California
0%
181.4Arizona - Nevada
0%
391.0Arizona - New Mexico
0%
275.8Arizona - Utah
0%
166.5Arkansas - Louisiana
0%
282.8Arkansas - Mississippi
0%
325.3Arkansas - Missouri
0%
198.2Arkansas - Oklahoma
0%
125.1Arkansas - Tennessee
0%
65.0Arkansas - Texas
0%
216.3California - Oregon
0%
207.7Colorado - Kansas
0%
173.2Colorado - Nebraska
0%
333.0Colorado - New Mexico
0%
52.9Colorado - Oklahoma
0%
276.1Colorado - Utah
0%
260.2Colorado - Wyoming
0%
68.6Georgia - North Carolina
0%
249.6Georgia - South Carolina
0%
72.6Georgia - Tennessee
0%
153.0Idaho - Nevada
0%
305.8Idaho - Oregon
0%
153.6Idaho - Utah
0%
210.3Idaho - Washington
0%
170.7Idaho - Wyoming
0%
295.5Illinois - Indiana
0%
200.5Illinois - Iowa
0%
122.4Illinois - Kentucky
0%
331.6Illinois - Missouri
0%
144.4Illinois - Wisconsin
0%
296.0Indiana - Kentucky
0%
108.4Indiana - Michigan
0%
178.8Indiana - Ohio
0%
262.1Iowa - Minnesota
0%
235.0Iowa - Missouri
0%
148.9Iowa - Nebraska
0%
85.6Iowa - South Dakota
0%
307.5Kansas - Missouri
0%
356.5Kansas - Nebraska
0%
409.1Kansas - Oklahoma
0%
59.8Kentucky - Missouri
0%
155.5Kentucky - Ohio
0%
338.5Kentucky - Tennessee
0%
119.0Kentucky - Virginia
0%
79.1Kentucky - West Virginia
0%
456.6Louisiana - Mississippi
0%
222.7Louisiana - Texas
0%
195.7Maryland - Pennsylvania
0%
253.7Maryland - Virginia
0%
174.0Maryland - West Virginia
0%
69.7Michigan - Ohio
0%
205.1Michigan - Wisconsin
0%
217.1Minnesota - North Dakota
0%
180.8Minnesota - South Dakota
0%
291.1Minnesota - Wisconsin
0%
119.2Mississippi - Tennessee
0%
60.9Missouri - Tennessee
0%
210.8Montana - North Dakota
0%
65.3Montana - South Dakota
0%
399.4Nebraska - South Dakota
0%
138.0Nebraska - Wyoming
0%
152.5Nevada - Oregon
0%
344.6Nevada - Utah
0%
180.0New Hampshire - Vermont
0%
306.1New York - Pennsylvania
0%
80.3New York - Vermont
0%
312.2North Carolina - South Carolina
0%
218.9North Carolina - Tennessee
0%
327.7North Carolina - Virginia
0%
359.0North Dakota - South Dakota
0%
92.4Ohio - Pennsylvania
0%
243.5Ohio - West Virginia
0%
385.8Oregon - Washington
0%
118.6Pennsylvania - West Virginia
0%
137.7South Dakota - Wyoming
0%
173.1Utah - Wyoming
0%
381.2Virginia - West Virginia
0%

Score Distribution

Percentile by Number Answered

Percent of People with Each Score

Your Score History

You have not taken this quiz